[Event "Stjernen CC-ch B"]
[Site "Oslo"]
[Date "2017.03.07"]
[Round "4"]
[White "Oygard, Torbjorn"]
[Black "Kleppe, Thrond"]
[Result "1-0"]
[WhiteElo "1549"]
[BlackElo "1615"]
[PlyCount "60"]
[EventDate "2017.02.07"]
[EventType "swiss"]
[EventRounds "9"]
[EventCountry "NOR"]
[SourceTitle "EXT 2024"]
[Source "ChessBase"]
[SourceDate "2023.10.10"]
[SourceVersion "1"]
[SourceVersionDate "2023.10.10"]
[SourceQuality "1"]

1. d4 Nf6 2. c4 e6 3. Nf3 b6 4. g3 Bb7 5. Bg2 Be7 6. 0-0 0-0 7. a3 d5 8. cxd5 exd5 9. Nc3 c5 10. dxc5 bxc5 11. e3 Nc6 12. Bd2 Qc7 13. Qc2 Rad8 14. Rfe1 Rfe8 15. Ne2 Ne4 16. Rad1 Bf8 17. Nc3 Nxd2 18. Qxd2 d4 19. exd4 Nxd4 20. Nxd4 Rxd4 21. Qc2 Bxg2 22. Kxg2 Qc6+ 23. Kg1 Rxd1 24. Rxd1 Qf3 25. Qa4 Rb8 26. Rd2 g6 27. Qxa7 Re8 28. Rd1 Bg7 29. Qd7 Rb8 30. Rd3 Qg4 1-0